Gaming Quiz

Random Gaming Quiz

Super Smash Bros Quiz Stats

 Plays Quiz not verified by Sporcle

Also try: Name the Toy II
Challenge
Share
Tweet
Embed
Score 0/12 Timer 06:00
0 Plays Today
Hint Answer % Correct
Pokemon eléctrico que ha aparecido en todos los juegos de la sagaPikachu
93.8%
Espadachín de Fire Emblem que apareció en Super Smash Bros Melee para promover su juegoRoy
90.6%
Número total de personajes en smash bros 6412
87.5%
Enemigo final del modo emisario subespacial en brawlTabuu
81.3%
Número total de eventos en super smash bros melee51
78.1%
¿Quien dice: I´m really feeling it?Shulk
78.1%
Nombre del movimiento especial de captain falconFalcon punch
75%
Personaje ganador del smash bros ballot de smash 4Bayonetta
71.9%
Número total de personajes bloqueados en smash bros melee11
65.6%
Movimiento especial abajo que tienen todos los personajes de fire emblem menos Daraen/RobinContraataque
56.3%
Nombre del modo aventura de Super smash bros brawlEl emisario subespacial
53.1%
Nombre del escenario de Zelda en Brawl que también apareció en meleeTemplo
53.1%

You're not logged in!

Compare scores with friends on all Sporcle quizzes.
Join for Free
OR
Log In

You Might Also Like...

Show Comments

Extras

Top Quizzes Today


Score Distribution

Your Account Isn't Verified!

In order to create a playlist on Sporcle, you need to verify the email address you used during registration. Go to your Sporcle Settings to finish the process.

Report this User

Report this user for behavior that violates our Community Guidelines.

Details: